00605nam a2200169Ia 4500008004100000020001800041041000800059082001700067100002800084245015200112250000600264260001900270300000800289650000900297999001900306952011000325210716s2003 xx 000 0 und d a9780060521998 aeng a658.406 CHRC aChristensen, Clayton M. aInnovator's dilemma: the revolutionary book that will change the way you do business.bRevolutionary book that will change the way you do business. a1 aNew Yorkc2003 a286 aNone c206336d206336 001040708MBAaAIMITbAIMITd2011-02-14l0o658.406 CHRCpMBA08902r2026-05-23 00:00:00w2021-07-16yBK